Textile Mathematics Vol-2 (Record no. 5423)
[ view plain ]
| 000 -LEADER | |
|---|---|
| fixed length control field | 00528nam a22001937a 4500 |
| 003 - CONTROL NUMBER IDENTIFIER | |
| control field | BUBTL |
| 008 - FIXED-LENGTH DATA ELEMENTS--GENERAL INFORMATION | |
| fixed length control field | 170218b xxu||||| |||| 00| 0 eng d |
| 020 ## - INTERNATIONAL STANDARD BOOK NUMBER | |
| International Standard Book Number | 0-900739-19-3 |
| 082 ## - DEWEY DECIMAL CLASSIFICATION NUMBER | |
| Classification number | 677BOT |
| 100 ## - MAIN ENTRY--PERSONAL NAME | |
| 9 (RLIN) | 1051 |
| Personal name | Booth,J.E. |
| 245 ## - TITLE STATEMENT | |
| Title | Textile Mathematics Vol-2 |
| 260 ## - PUBLICATION, DISTRIBUTION, ETC. (IMPRINT) | |
| Place of publication, distribution, etc. | Manchester |
| Name of publisher, distributor, etc. | The Textile Institute |
| Date of publication, distribution, etc. | c1975 |
| 300 ## - PHYSICAL DESCRIPTION | |
| Extent | 376p. |
| Other physical details | ills. |
| Dimensions | 21cm. |
| 650 #0 - SUBJECT ADDED ENTRY--TOPICAL TERM | |
| 9 (RLIN) | 1053 |
| Topical term or geographic name as entry element | Textile Engineering |
| 700 ## - ADDED ENTRY--PERSONAL NAME | |
| 9 (RLIN) | 1052 |
| Personal name | Booth,J.E. |
| 856 ## - ELECTRONIC LOCATION AND ACCESS | |
| Password | 0 |
| Logon | 0 |
| Link text | Download |
| 942 ## - ADDED ENTRY ELEMENTS (KOHA) | |
| Source of classification or shelving scheme | |
| Koha item type | Books |
| Withdrawn status | Lost status | Source of classification or shelving scheme | Damaged status | Not for loan | Collection code | Permanent location | Current location | Shelving location | Date acquired | Inventory number | Total Checkouts | Full call number | Barcode | Date last seen | Copy number | Price effective from | Koha item type |
|---|---|---|---|---|---|---|---|---|---|---|---|---|---|---|---|---|---|
| Not For Loan | Non-fiction | Bangladesh University of Business and Technology Library | Bangladesh University of Business and Technology Library | Textile Engineering Stacks | 07/21/2010 | 7488 | 677BOT | BUBTL-20037488 | 02/18/2017 | C-1 | 02/18/2017 | Books | |||||
| Non-fiction | Bangladesh University of Business and Technology Library | Bangladesh University of Business and Technology Library | Textile Engineering Stacks | 07/21/2010 | 7489 | 677BOT | BUBTL-20037489 | 02/18/2017 | C-2 | 02/18/2017 | Books | ||||||
| Not For Loan | Non-fiction | Bangladesh University of Business and Technology Library | Bangladesh University of Business and Technology Library | Textile Engineering Stacks | 07/21/2010 | 7490 | 677BOT | BUBTL-20037490 | 02/18/2017 | C-3 | 02/18/2017 | Books | |||||
| Non-fiction | Bangladesh University of Business and Technology Library | Bangladesh University of Business and Technology Library | Textile Engineering Stacks | 08/27/2013 | 16748 | 677BOT | BUBTL-200316748 | 05/31/2017 | C-4 | 05/31/2017 | Books | ||||||
| Non-fiction | Bangladesh University of Business and Technology Library | Bangladesh University of Business and Technology Library | Textile Engineering Stacks | 08/27/2013 | 16749 | 677BOT | BUBTL-200316749 | 05/31/2017 | C-5 | 05/31/2017 | Books | ||||||
| Non-fiction | Bangladesh University of Business and Technology Library | Bangladesh University of Business and Technology Library | Textile Engineering Stacks | 08/27/2013 | 16750 | 677BOT | BUBTL-200316750 | 05/31/2017 | C-6 | 05/31/2017 | Books | ||||||
| Non-fiction | Bangladesh University of Business and Technology Library | Bangladesh University of Business and Technology Library | Textile Engineering Stacks | 08/27/2013 | 16751 | 677BOT | BUBTL-200316751 | 05/31/2017 | C-7 | 05/31/2017 | Books | ||||||
| Non-fiction | Bangladesh University of Business and Technology Library | Bangladesh University of Business and Technology Library | Textile Engineering Stacks | 08/27/2013 | 16752 | 677BOT | BUBTL-200316752 | 05/31/2017 | C-8 | 05/31/2017 | Books |
